000 00520nam a2200193Ia 4500
005 20260120132116.0
008 008 260114s9999 xx 000 0 eng d
020 _a9781383016000
037 _aEBOOK
040 _aCRL
_beng
_cCRL
041 _aeng
_2eng
084 _qCRL
100 _aEvans
_9935044
245 4 _aThe EU Structural Funds
260 _bOxford University PressOxford University Press
_c2023
856 _uhttps://academic.oup.com/book/50536
942 _cEBOOK
999 _c1526967
_d1526967